[Event "SLO-chT1 East"]
[Site "Slovenia"]
[Date "2017.11.11"]
[Round "5"]
[White "Skuhala, Barbara"]
[Black "Rajkovic, Radisa"]
[Result "1-0"]
[WhiteElo "2023"]
[BlackElo "2054"]
[PlyCount "105"]
[EventDate "2017.09.29"]
[EventType "team-tourn"]
[EventRounds "9"]
[EventCountry "SLO"]
[SourceTitle "EXT 2019"]
[Source "ChessBase"]
[SourceDate "2018.10.10"]
[SourceVersion "1"]
[SourceVersionDate "2018.10.10"]
[SourceQuality "1"]
[WhiteTeam "Pomgrad Radenska II"]
[BlackTeam "Sentjur"]
[WhiteTeamCountry "SLO"]
[BlackTeamCountry "SLO"]

1. e4 d6 2. d4 c6 3. Nc3 g6 4. Nf3 Bg7 5. Be2 Nf6 6. h3 0-0 7. 0-0 b5 8. a3 Bb7 9. Bg5 h6 10. Be3 Nbd7 11. Qd2 Kh7 12. e5 Nd5 13. Nxd5 cxd5 14. exd6 exd6 15. Bxb5 Nf6 16. Bd3 Ne4 17. Qc1 Rc8 18. c3 Qb6 19. Nh2 Ba6 20. Bxa6 Qxa6 21. Re1 Qc4 22. f3 Ng3 23. Qd2 Rfe8 24. Bf2 Ne2+ 25. Kh1 g5 26. g3 Re6 27. Nf1 Rce8 28. Ne3 Rxe3 29. Bxe3 Nxg3+ 30. Kh2 Nf5 31. Bf2 Rb8 32. Qc2 Qc8 33. Rab1 Kg8 34. Qd3 Qd7 35. Re2 Bf6 36. Rg1 Ng7 37. Bg3 Ne6 38. f4 Kh8 39. Qf5 Bg7 40. fxg5 hxg5 41. Qxd5 Rb6 42. h4 gxh4 43. Bxh4 Nf4 44. Qa8+ Kh7 45. Qf3 Ng6 46. Qg4 Qc6 47. Qh5+ Kg8 48. Rxg6 fxg6 49. Qxg6 Rb8 50. Bf6 Qd7 51. Rg2 Rb7 52. Bxg7 Qxg7 53. Qe6+ 1-0

[Event "SLO-chT1 East"]
[Site "Slovenia"]
[Date "2017.11.10"]
[Round "4"]
[White "Rajkovic, Radisa"]
[Black "Bratkovic, Sham"]
[Result "0-1"]
[WhiteElo "2054"]
[BlackElo "2097"]
[PlyCount "62"]
[EventDate "2017.09.29"]
[EventType "team-tourn"]
[EventRounds "9"]
[EventCountry "SLO"]
[SourceTitle "EXT 2019"]
[Source "ChessBase"]
[SourceDate "2018.10.10"]
[SourceVersion "1"]
[SourceVersionDate "2018.10.10"]
[SourceQuality "1"]
[WhiteTeam "Sentjur"]
[BlackTeam "Maribor ZSK II"]
[WhiteTeamCountry "SLO"]
[BlackTeamCountry "SLO"]

1. d4 d5 2. Nf3 Nf6 3. e3 c6 4. c4 e6 5. Nc3 Nbd7 6. Bd3 dxc4 7. Bxc4 b5 8. Bd3 Bb7 9. 0-0 a6 10. e4 c5 11. e5 cxd4 12. exf6 dxc3 13. fxg7 Bxg7 14. bxc3 Nc5 15. Be2 Qxd1 16. Rxd1 Bxc3 17. Be3 Bxa1 18. Rxa1 Rc8 19. Ne5 Rg8 20. f3 Nd7 21. Ng4 h5 22. Nf2 Ne5 23. Ne4 Bxe4 24. fxe4 Rc2 25. Bf1 h4 26. Bf4 f6 27. h3 Ke7 28. a4 b4 29. a5 b3 30. Rb1 b2 31. Be3 Rg3 0-1

[Event "SLO-chT1 East"]
[Site "Slovenia"]
[Date "2017.09.29"]
[Round "1"]
[White "Rajkovic, Radisa"]
[Black "Supancic, Darko"]
[Result "0-1"]
[WhiteElo "2054"]
[BlackElo "2297"]
[PlyCount "148"]
[EventDate "2017.09.29"]
[EventType "team-tourn"]
[EventRounds "9"]
[EventCountry "SLO"]
[SourceTitle "EXT 2019"]
[Source "ChessBase"]
[SourceDate "2018.10.10"]
[SourceVersion "1"]
[SourceVersionDate "2018.10.10"]
[SourceQuality "1"]
[WhiteTeam "Sentjur"]
[BlackTeam "Maribor Branik"]
[WhiteTeamCountry "SLO"]
[BlackTeamCountry "SLO"]

1. e4 g6 2. d4 Bg7 3. g3 c5 4. c3 Qa5 5. dxc5 Qxc5 6. Be3 Qc7 7. Bg2 d6 8. Ne2 Nf6 9. h3 0-0 10. 0-0 Nc6 11. Qc1 b6 12. Bh6 Bb7 13. Bxg7 Kxg7 14. Re1 Rac8 15. Na3 Rfd8 16. Nf4 e5 17. Ne2 d5 18. exd5 Nxd5 19. Nc2 Nce7 20. a4 Nf5 21. Rd1 Nf6 22. Rxd8 Rxd8 23. Ne3 Nd6 24. Bxb7 Qxb7 25. Qc2 Qf3 26. Rf1 Nde4 27. Nc4 Nd2 28. Nd4 Rxd4 29. Nxd2 Qd3 30. Qxd3 Rxd3 31. Nc4 Nd7 32. Re1 Kf6 33. Kf1 Nc5 34. Ke2 Rd7 35. Ra1 Kf5 36. Ne3+ Ke6 37. c4 f5 38. Nd5 e4 39. b4 Nb3 40. Rb1 Nd4+ 41. Ke3 Nc2+ 42. Kd2 Na3 43. Rc1 Nxc4+ 44. Rxc4 Rxd5+ 45. Ke2 Rd7 46. Rc1 g5 47. Rc8 f4 48. b5 Rd4 49. Rf8 Ke5 50. gxf4+ gxf4 51. Re8+ Kd5 52. Rd8+ Ke5 53. Re8+ Kf5 54. Rf8+ Kg5 55. Rg8+ Kh5 56. Rg4 Rxa4 57. Rxf4 Kg5 58. Rf7 Kg6 59. Rd7 h5 60. Ke3 Rb4 61. Rxa7 Rxb5 62. Kf4 Rb2 63. Kxe4 Rxf2 64. Rb7 Rb2 65. Kf4 Rb4+ 66. Kg3 h4+ 67. Kf3 Kf5 68. Rf7+ Ke5 69. Rg7 Rb3+ 70. Kg2 Rb4 71. Kf3 Kd5 72. Rg4 Rxg4 73. Kxg4 b5 74. Kxh4 b4 0-1

[Event "SLO-chT1 East"]
[Site "Celje"]
[Date "2014.10.10"]
[Round "2"]
[White "Rajkovic, Radisa"]
[Black "Radosavljevic, Robi"]
[Result "1-0"]
[WhiteElo "2068"]
[BlackElo "2028"]
[PlyCount "93"]
[EventDate "2014.10.09"]
[EventType "team-tourn"]
[EventRounds "9"]
[EventCountry "SLO"]
[SourceTitle "EXT 2019"]
[Source "ChessBase"]
[SourceDate "2018.10.10"]
[SourceVersion "1"]
[SourceVersionDate "2018.10.10"]
[SourceQuality "1"]
[WhiteTeam "Velenje Veplas"]
[BlackTeam "Radenska Pomgrad II"]
[WhiteTeamCountry "SLO"]
[BlackTeamCountry "SLO"]

1. d4 Nf6 2. c4 e6 3. Nc3 Bb4 4. Qc2 c5 5. Nf3 cxd4 6. Nxd4 Nc6 7. e3 0-0 8. a3 Bxc3+ 9. Qxc3 b6 10. Be2 Bb7 11. 0-0 Ne7 12. b3 d5 13. Rd1 Rc8 14. Bb2 a6 15. Rac1 Qc7 16. Qb4 Qc5 17. Qe1 Qd6 18. Qf1 Ng6 19. Nf3 Ne4 20. h4 f6 21. h5 Ne5 22. Nd2 f5 23. f4 Nd7 24. Bf3 Ndc5 25. Bxe4 fxe4 26. cxd5 exd5 27. Nc4 Qe6 28. Nd2 Nd3 29. Rxc8 Bxc8 30. Bd4 Bd7 31. Nf3 Rc8 32. Ne5 Nxe5 33. Bxe5 Bb5 34. Qe1 Bd3 35. Rc1 Qg4 36. Rxc8+ Qxc8 37. Qg3 Qd7 38. h6 g6 39. Qg5 Qf5 40. Qd8+ Qf8 41. Qxd5+ Qf7 42. Qd8+ Qf8 43. Qxb6 Bb5 44. a4 Bd3 45. Bd4 Qf5 46. Qc7 Qf7 47. Qe5 1-0

[Event "SLO-chT1 East"]
[Site "Sentjur"]
[Date "2013.10.26"]
[Round "7"]
[White "Amon, Nejc"]
[Black "Rajkovic, Radisa"]
[Result "1/2-1/2"]
[WhiteElo "1866"]
[BlackElo "2066"]
[PlyCount "55"]
[EventDate "2013.10.17"]
[EventType "team-tourn"]
[EventRounds "9"]
[EventCountry "SLO"]
[SourceTitle "EXT 2015"]
[Source "ChessBase"]
[SourceDate "2014.11.20"]
[SourceVersion "1"]
[SourceVersionDate "2014.11.20"]
[SourceQuality "1"]

1. e4 e5 2. Nf3 Nc6 3. d4 d6 4. dxe5 Nxe5 5. Nxe5 dxe5 6. Qxd8+ Kxd8 7. Nc3 Be6 8. Bg5+ f6 9. 0-0-0+ Kc8 10. Be3 c6 11. a3 Nh6 12. f3 Kc7 13. Na4 b6 14. Be2 Be7 15. Nc3 Nf7 16. Nb1 Nd6 17. Nd2 Rad8 18. Bf2 h5 19. h4 Nb7 20. Nc4 Bc5 21. Bxc5 Nxc5 22. Ne3 g6 23. Bc4 Bxc4 24. Nxc4 Ne6 25. Rxd8 Rxd8 26. Rd1 Nf4 27. Rxd8 Kxd8 28. Ne3 1/2-1/2

[Event "SLO-chT1 Ost"]
[Site "Sentjur"]
[Date "2010.11.09"]
[Round "5"]
[White "Rajkovic, Radisa"]
[Black "Spelec, Darko"]
[Result "1/2-1/2"]
[WhiteElo "2040"]
[BlackElo "2014"]
[PlyCount "70"]
[EventDate "2010.11.04"]
[EventType "team-tourn"]
[EventRounds "9"]
[EventCountry "SLO"]
[SourceTitle "EXT 2022"]
[Source "ChessBase"]
[SourceDate "2021.10.06"]
[SourceVersion "1"]
[SourceVersionDate "2021.10.06"]
[SourceQuality "1"]
[WhiteTeam "Velenje Veplas"]
[BlackTeam "Maribor Kovinar Nova"]
[WhiteTeamCountry "SLO"]
[BlackTeamCountry "SLO"]

1. d4 Nf6 2. Nf3 e6 3. c4 Bb4+ 4. Nc3 Bxc3+ 5. bxc3 b6 6. Nd2 Bb7 7. f3 Nh5 8. g3 f5 9. e3 0-0 10. Bg2 g5 11. e4 f4 12. g4 Nf6 13. 0-0 d6 14. c5 dxc5 15. dxc5 Kf7 16. Qb3 Nc6 17. Rd1 Na5 18. Qa4 Bc6 19. Qd4 Qxd4+ 20. cxd4 bxc5 21. Ba3 Rfd8 22. Bxc5 Ba4 23. Rdc1 Nc6 24. Nc4 Nd7 25. Bf1 Nxc5 26. dxc5 Nd4 27. Kf2 Kf6 28. Nb2 Bc6 29. Nc4 a5 30. Rab1 e5 31. Rb2 h5 32. h3 hxg4 33. hxg4 Rh8 34. Bg2 a4 35. Nd2 Ra5 1/2-1/2

[Event "SLO-chT1 West"]
[Site "Sentjur"]
[Date "2009.11.07"]
[Round "8"]
[White "Kos, Igor"]
[Black "Rajkovic, Radisa"]
[Result "1/2-1/2"]
[WhiteElo "2115"]
[BlackElo "2034"]
[PlyCount "40"]
[EventDate "2009.10.22"]
[EventType "team-tourn"]
[EventRounds "9"]
[EventCountry "SLO"]
[SourceTitle "EXT 2010"]
[Source "ChessBase"]
[SourceDate "2010.11.25"]
[SourceVersion "1"]
[SourceVersionDate "2010.11.25"]
[SourceQuality "1"]

1. e4 e5 2. Nf3 Nc6 3. Bb5 Nf6 4. 0-0 Nxe4 5. Re1 Nd6 6. Nxe5 Nxe5 7. Rxe5+ Be7 8. Ba4 0-0 9. d4 Bf6 10. Re1 Nf5 11. c3 d6 12. Nd2 Bd7 13. Bc2 g6 14. Ne4 Bg7 15. Bb3 h6 16. Bf4 Bc6 17. d5 Bd7 18. h3 g5 19. Bh2 Nh4 20. f4 f5 1/2-1/2